Introduction to linear algebra for science and engineering / (Record no. 5932)

000 -LEADER
fixed length control field 01118cam a2200373 a 4500
001 - CONTROL NUMBER
control field 2862885
003 - CONTROL NUMBER IDENTIFIER
control field ALUPE UNIVERSITY
005 - DATE AND TIME OF LATEST TRANSACTION
control field 20220915113441.0
008 - FIXED-LENGTH DATA ELEMENTS--GENERAL INFORMATION
fixed length control field 940705s1995 onca 001 0 eng d
016 ## - NATIONAL BIBLIOGRAPHIC AGENCY CONTROL NUMBER
Record control number 949320072
020 ## - INTERNATIONAL STANDARD BOOK NUMBER
International Standard Book Number 0201602105
020 ## - INTERNATIONAL STANDARD BOOK NUMBER
International Standard Book Number 0201602091 (student's solutions man.)
035 ## - SYSTEM CONTROL NUMBER
System control number ocm30975148
040 ## - CATALOGING SOURCE
Original cataloging agency CaOTU
Language of cataloging eng
Transcribing agency ALUPE UNIVERSITY
Modifying agency AEU
049 ## - LOCAL HOLDINGS (OCLC)
Holding library UABA
050 ## - LIBRARY OF CONGRESS CALL NUMBER
Classification number QA184
Item number .N67 1995
055 01 - CLASSIFICATION NUMBERS ASSIGNED IN CANADA
Classification number QA184
055 00 - CLASSIFICATION NUMBERS ASSIGNED IN CANADA
Classification number QA184
Item number N67 1995
082 0# - DEWEY DECIMAL CLASSIFICATION NUMBER
Classification number 512/.5
Edition number 20
090 ## - LOCALLY ASSIGNED LC-TYPE CALL NUMBER (OCLC); LOCAL CALL NUMBER (RLIN)
Classification number (OCLC) (R) ; Classification number, CALL (RLIN) (NR) QA 184 N67 1995
Local cutter number (OCLC) ; Book number/undivided call number, CALL (RLIN) AEU
090 ## - LOCALLY ASSIGNED LC-TYPE CALL NUMBER (OCLC); LOCAL CALL NUMBER (RLIN)
Classification number (OCLC) (R) ; Classification number, CALL (RLIN) (NR) QA 184 N67 1995
100 1# - MAIN ENTRY--PERSONAL NAME
Personal name Norman, Daniel,
Dates associated with a name 1938-
245 10 - TITLE STATEMENT
Title Introduction to linear algebra for science and engineering /
Statement of responsibility, etc. Daniel Norman.
260 ## - PUBLICATION, DISTRIBUTION, ETC.
Place of publication, distribution, etc. Don Mills, Ont. :
Name of publisher, distributor, etc. Addison-Wesley,
Date of publication, distribution, etc. c1995.
300 ## - PHYSICAL DESCRIPTION
Extent xvii, 555 p. :
Other physical details ill. ;
Dimensions 25 cm.
336 ## - CONTENT TYPE
Content type term text
Content type code txt
Source rdacontent
337 ## - MEDIA TYPE
Media type term unmediated
Media type code n
Source rdamedia
338 ## - CARRIER TYPE
Carrier type term volume
Carrier type code nc
Source rdacarrier
500 ## - GENERAL NOTE
General note Accompanied by Student's solutions manual. 200 p.
504 ## - BIBLIOGRAPHY, ETC. NOTE
Bibliography, etc. note Includes index.
650 #0 - SUBJECT ADDED ENTRY--TOPICAL TERM
Topical term or geographic name entry element Algebras, Linear.
942 ## - ADDED ENTRY ELEMENTS (KOHA)
Source of classification or shelving scheme
Koha item type Book
Suppress in OPAC MA
949 ## - LOCAL PROCESSING INFORMATION (OCLC)
z 0162018227635
Holdings
Withdrawn status Lost status Source of classification or shelving scheme Damaged status Not for loan Permanent Location Current Location Shelving location Date acquired Source of acquisition Total Checkouts Full call number Barcode Date last seen Price effective from Koha item type Public note
          AU LIBRARY AU LIBRARY Open Shelf 15.09.2022 DONATION FROM MOI UNIVERSITY   QA184 .N67 1995 28007913 15.09.2022 15.09.2022 Book MA

Powered by Koha